<?xml version="1.0" encoding="UTF-8"?>
<record
    xmlns:xsi="http://www.w3.org/2001/XMLSchema-instance"
    xsi:schemaLocation="http://www.loc.gov/MARC21/slim http://www.loc.gov/standards/marcxml/schema/MARC21slim.xsd"
    xmlns="http://www.loc.gov/MARC21/slim">

  <leader>00830cam a22002411  4500</leader>
  <controlfield tag="001">ne 65001501 </controlfield>
  <controlfield tag="003">DLC</controlfield>
  <controlfield tag="005">20260227111815.0</controlfield>
  <controlfield tag="008">880811s1964    ua h     b    000 0 arar </controlfield>
  <datafield tag="010" ind1=" " ind2=" ">
    <subfield code="a">ne 65001501 </subfield>
  </datafield>
  <datafield tag="035" ind1=" " ind2=" ">
    <subfield code="a">(OCoLC)18342741</subfield>
  </datafield>
  <datafield tag="040" ind1=" " ind2=" ">
    <subfield code="a">DLC</subfield>
    <subfield code="c">WaU</subfield>
    <subfield code="d">DLC</subfield>
  </datafield>
  <datafield tag="042" ind1=" " ind2=" ">
    <subfield code="a">premarc</subfield>
  </datafield>
  <datafield tag="050" ind1="0" ind2="0">
    <subfield code="a">PJ6719</subfield>
    <subfield code="b">.Z8 1964</subfield>
  </datafield>
  <datafield tag="100" ind1="1" ind2=" ">
    <subfield code="a">Zubaydi, Muhammad ibn al-Hasan.</subfield>
  </datafield>
  <datafield tag="245" ind1="1" ind2="0">
    <subfield code="a">La&#x1E25;n al-&#x2BB;aw&#x101;mm,</subfield>
    <subfield code="c">ta&#x2BC;l&#x12B;f Ab&#x12B; Bakr Mu&#x1E25;ammad ibn &#x1E24;asan ibn Mudha&#x1E25;&#x1E25;aj al-Zubayd&#x12B;.  Ta&#x1E25;q&#x12B;q wa-ta&#x2BB;l&#x12B;q wa-taqd&#x12B;m Ra&#x1E0D;&#x101;n &#x2BB;Abd al-Taww&#x101;b.</subfield>
  </datafield>
  <datafield tag="250" ind1=" " ind2=" ">
    <subfield code="a">al-&#x1E6C;ab&#x2BB;ah 1.</subfield>
  </datafield>
  <datafield tag="260" ind1=" " ind2=" ">
    <subfield code="a">[al-Q&#x101;hirah,</subfield>
    <subfield code="b">Maktabat D&#x101;r al-&#x2BB;Ur&#x16B;bah]</subfield>
    <subfield code="c">1964.</subfield>
  </datafield>
  <datafield tag="300" ind1=" " ind2=" ">
    <subfield code="a">383 p.</subfield>
    <subfield code="b">facsims.</subfield>
    <subfield code="c">24 cm.</subfield>
  </datafield>
  <datafield tag="440" ind1=" " ind2="0">
    <subfield code="a">Silsilat kutub la&#x1E25;n al-&#x2BB;&#x101;mmah ;</subfield>
    <subfield code="v">raqm 1</subfield>
  </datafield>
  <datafield tag="504" ind1=" " ind2=" ">
    <subfield code="a">Bibliography: p. 365-[377]</subfield>
  </datafield>
  <datafield tag="650" ind1=" " ind2="0">
    <subfield code="a">Arabic language</subfield>
    <subfield code="x">Dialects.</subfield>
  </datafield>
  <datafield tag="999" ind1=" " ind2=" ">
    <subfield code="c">48277</subfield>
    <subfield code="d">48277</subfield>
  </datafield>
</record>
